000 00819nam a2200229Ia 4500
003 OSt
005 20220926021728.0
006 a|||||r|||| 00| 0
007 ta
008 220923b |||||||| |||| 00| 0 eng d
037 _cGeneral Book
040 _aRTL
_cRTL
_beng
041 _2eng
_aeng
082 _aVIN45,933:.N74, L6 UN
110 _aUNITED NATIONS, GENERAL ASSEMBLY. OFFICIAL RECORDS ,29th SESSION, TRUSTEESHIP (Fourth committee-)
_9326737
245 0 _aSummary records of meetings (18Sep-11Dec1974)
260 _aNew York
_bUnited Nations
_c1976
300 _aix,288p
_ccm.
700 _aUNITED NATIONS, GENERAL ASSEMBLY. OFFICIAL RECORDS ,29th SESSION, TRUSTEESHIP (Fourth committee-)
_9326738
942 _hVIN45,933:.N74, L6 UN
_cGB
_2CC
999 _c637514
_d637514